000 01027 a2200289 4500
003 OSt
005 20180116192333.0
008 120209t xxu||||| |||| 00| 0 eng d
010 _a 98061186
020 _a0500280878
020 _a9780500280874
035 _a(DLC) 98061186
035 _a(OCoLC)41375989
040 _c0
082 0 0 _a720.91767
245 0 0 _aLegacies for the future :
_bcontemporary architecture in Islamic societies /
_cedited by Cynthia C. Davidson.
246 3 0 _aContemporary architecture in Islamic societies
260 _aNew York, N.Y. :
_bThames and Hudson,
_c1999.
300 _a175 p. :
_bill., maps (chiefly col.) ;
_c28 cm.
500 _aThe Aga Khan Award for Architecture.
610 2 0 _aAga Khan Award for Architecture (Organization)
650 0 _aArchitecture
_zAsia
_xHistory
_y20th century.
650 0 _aIslamic architecture
_zAsia.
700 1 _aDavidson, Cynthia C.
942 _aSADA
_cBK
_k720.91767 LEG 1999
_2ddc
999 _c352388
_d352388